000 00372nam a22001697a 4500
005 20260619143131.0
020 _a9789355776532
041 _aEnglish
082 _aT10 R25 SEL
100 _aSelvarani R
245 _aPodhuth Tamil Sudaroviyam
250 _a02
260 _aChennai
_bSarulatha pathippagam
_c2025
300 _a150
365 _b160.00
942 _cBK
999 _c177971
_d177971